[Event "It (cat.4)"]
[Site "masterchessopen.com Sao Jose do Rio Preto (Brazil)"]
[Date "2007.04.27"]
[Round "9"]
[White "Marre Erwan (FRA)"]
[Black "Oliveira Silvio Eduardo (BRA)"]
[Result "0-1"]
[WhiteElo "1907"]
[BlackElo "2286"]

1.e4 c5 2.Nf3 d6 3.d4 cxd4 4.Nxd4 Nf6 5.Nc3 Nc6 6.Bg5 e6 7.Qd2 Be7 8.O-O-O
Nxd4 9.Qxd4 O-O 10.f4 Qa5 11.Kb1 Rd8 12.Bc4 Bd7 13.Bb3 Bc6 14.Rhe1 h6 15.Bh4
Qh5 16.Bg3 d5 17.exd5 Nxd5 18.Bxd5 Bf6 19.Qe3 Bxc3 20.Qxc3 Bxd5 21.Rd2 Rac8
22.Re5 f5 23.Qa5 b6 24.Qb4 Be4 {#R} 0-1

[Event "Ch Russia (club) (juniors)"]
[Site "masterchessopen.com Sochi (Russia)"]
[Date "2007.05.04"]
[Round "3"]
[White "Matinian N"]
[Black "Stukopin Andrey (RUS)"]
[Result "0-1"]
[WhiteElo "2248"]
[BlackElo "2356"]

1.e4 c5 2.Nf3 d6 3.d4 cxd4 4.Nxd4 Nf6 5.Nc3 Nc6 6.Bg5 e6 7.Qd2 Be7 8.O-O-O O-O
9.f4 Nxd4 10.Qxd4 Qa5 11.Kb1 h6 12.h4 e5 13.Qd3 Bg4 14.Be2 Bxe2 15.Qxe2 exf4
16.Bxf4 Rad8 17.g4 h5 18.g5 Ng4 19.Nd5 Rfe8 20.Rhf1 Bf8 21.Bg3 g6 22.Qf3 Rd7
23.e5 Re6 24.exd6 Bxd6 25.Bxd6 Rexd6 26.c4 Qc5 27.Qe4 Re6 28.Qf4 Kg7 29.Rde1
Rxe1+ 30.Rxe1 b5 31.Nf6 Re7 32.Rxe7 Qxe7 33.Nxg4 Qe1+ 34.Kc2 Qe2+ 35.Kc3 hxg4
36.c5 Qe1+ 37.Kb3 g3 38.Qf6+ Kg8 39.Qd8+ Kh7 40.Qd5 Qe3+ 41.Kb4 Qf4+ 42.Kxb5
Qf1+ 43.Kb4 g2 44.h5 g1=Q 45.hxg6+ Kxg6 {#R} 0-1

[Event "Ukrainian Games"]
[Site "masterchessopen.com Evpatoria (Ukraine)"]
[Date "2007.05.22"]
[Round "2"]
[White "Nazarevich Vitaly (UKR)"]
[Black "Peskov Alexsey (UKR)"]
[Result "1-0"]
[WhiteElo "2264"]
[BlackElo "2386"]

1.e4 c5 2.Nf3 Nc6 3.d4 cxd4 4.Nxd4 Nf6 5.Nc3 d6 6.Bg5 e6 7.Qd2 Be7 8.O-O-O
Nxd4 9.Qxd4 O-O 10.f4 Qa5 11.Bd3 h6 12.h4 e5 13.Qf2 exf4 14.Nd5 Nxd5 15.exd5
Bd8 16.Qxf4 Qxa2 17.Bxd8 Rxd8 18.Rhf1 Qa1+ 19.Kd2 Qa5+ 20.b4 Qxd5 21.c4 Qxg2+
22.Rf2 {#r} 1-0

[Event "It (cat.8)"]
[Site "masterchessopen.com Budapest (Hungary)"]
[Date "2007.06.11"]
[Round "5"]
[White "Szabo Krisztian (HUN)"]
[Black "Wittmann Walter (AUT)"]
[Result "1-0"]
[WhiteElo "2492"]
[BlackElo "2304"]

1.e4 c5 2.Nf3 d6 3.d4 cxd4 4.Nxd4 Nf6 5.Nc3 Nc6 6.Bg5 e6 7.Qd2 Be7 8.O-O-O O-O
9.f4 Nxd4 10.Qxd4 h6 11.Bh4 Qa5 12.Bc4 Qh5 13.Bg3 Rd8 14.Rhf1 Bd7 15.Kb1 Rac8
16.Bb3 a5 17.a4 Rc5 18.Rd3 Bc6 19.Re1 d5 20.exd5 Nxd5 21.Nxd5 Bxd5 22.Re5 Qg6
23.f5 Qf6 24.Bxd5 exd5 25.Rde3 Rcc8 26.Qd3 Bc5 27.Re2 Qb6 28.Rxd5 Bd4 29.Rxd8+
Rxd8 30.Qb5 Qf6 31.Re4 Bb6 32.Bh4 Rd1+ 33.Ka2 Qd6 34.Qe8+ Kh7 35.Qxf7 Bd4
36.c3 Bxc3 37.Qg6+ {#r} 1-0

[Event "It (open)"]
[Site "masterchessopen.com Voronezh (Russia)"]
[Date "2007.06.13"]
[Round "2"]
[White "Serjakov Dmitry (RUS)"]
[Black "Ulko Jaroslav (RUS)"]
[Result "0-1"]
[WhiteElo "2309"]
[BlackElo "2485"]

1.e4 c5 2.Nf3 Nc6 3.d4 cxd4 4.Nxd4 Nf6 5.Nc3 d6 6.Bg5 e6 7.Qd2 Be7 8.O-O-O O-O
9.f4 Nxd4 10.Qxd4 Qa5 11.Bc4 b5 12.Bxb5 Rb8 13.Qd3 h6 14.Bh4 e5 15.f5 d5
16.exd5 e4 17.Qc4 a6 18.Bc6 Rb4 19.Qf1 Rxb2 20.Be1 Ba3 21.Kd2 Qc5 22.Bf2 e3+
23.Bxe3 Ne4+ 24.Kd3 Qxc3+ 25.Kxe4 Qxc2+ 26.Rd3 Rb4+ 27.Bd4 Bb2 28.Ke3 Bxd4+
29.Rxd4 Qc5 30.Qd3 Bxf5 31.Qd2 Rfb8 32.Rc1 Qe7+ 33.Kf3 Be4+ 34.Kf4 Qg5+ {#R}
0-1

[Event "Ch India (b)"]
[Site "masterchessopen.com Dindigul (India)"]
[Date "2007.06.14"]
[Round "6"]
[White "Mehar Chinna Reddy C H (IND)"]
[Black "Ramaswamy Aarthie (IND)"]
[Result "1-0"]
[WhiteElo "2246"]
[BlackElo "2317"]

1.e4 c5 2.Nf3 Nc6 3.d4 cxd4 4.Nxd4 Nf6 5.Nc3 d6 6.Bg5 e6 7.Qd2 Be7 8.O-O-O
Nxd4 9.Qxd4 O-O 10.f4 Qa5 11.Kb1 a6 12.Be2 b5 13.e5 dxe5 14.fxe5 Nd5 15.Bxe7
Nxe7 16.Bf3 Nf5 17.Qf2 Rb8 18.g4 b4 19.Ne2 Ne7 20.Qa7 Bb7 21.Bxb7 Qc7 22.Qe3
Rxb7 23.Nf4 Rc8 24.Rd2 Rb5 25.Re1 a5 26.Qe4 Rc5 27.Red1 Ng6 28.Nxg6 hxg6
29.Re1 Rc4 30.Qe2 a4 31.Qd1 a3 32.b3 Rf4 33.Re3 Qe7 34.Qe2 Qg5 35.h3 Rc3
36.Rxc3 Qxe5 37.Rc8+ Kh7 38.c3 Re4 39.Qd3 Re1+ 40.Kc2 Ra1 41.Qd4 Rxa2+ 42.Kb1
Rb2+ 43.Rxb2 Qe1+ 44.Ka2 axb2 45.Kxb2 Qe2+ 46.Kb1 Qf1+ 47.Kc2 Qe2+ 48.Qd2 Qe4+
49.Kb2 {#r} 1-0

[Event "It (cat.3)"]
[Site "masterchessopen.com Balatonlelle (Hungary)"]
[Date "2007.06.17"]
[Round "2"]
[White "Brueggemann Joachim (GER)"]
[Black "Wittmann Walter (AUT)"]
[Result "1-0"]
[WhiteElo "2355"]
[BlackElo "2304"]

1.e4 c5 2.Nf3 d6 3.d4 cxd4 4.Nxd4 Nf6 5.Nc3 Nc6 6.Bg5 e6 7.Qd2 Be7 8.O-O-O O-O
9.f4 Nxd4 10.Qxd4 Qa5 11.Bc4 Bd7 12.e5 dxe5 13.fxe5 Bc6 14.Bd2 Nd7 15.Nd5 Qd8
16.Nxe7+ Qxe7 17.Rhe1 Nb6 18.Bf1 Rfd8 19.Qb4 Qc7 20.Kb1 Rd5 21.Qg4 Rad8 22.Bd3
Rd4 23.Qh5 h6 24.Bc1 Na4 25.Rf1 Rb4 26.Ka1 Bd5 27.a3 Rb6 28.Rf4 Nc5 29.Bh7+
Kxh7 30.Rxf7 Qxf7 31.Qxf7 Rc8 32.Be3 Rbc6 33.Bxc5 Rxc5 34.c3 R5c7 35.Qf2 h5
36.Rd4 Kg8 37.Kb1 a5 38.Kc1 Rf7 39.Qg3 Rf1+ 40.Kd2 Rg1 41.Rxd5 exd5 42.Qf3 Rf8
43.Qxd5+ Kh8 44.e6 Rf2+ 45.Ke3 Rfxg2 46.Qxg2 {#r} 1-0

[Event "Ch India (b)"]
[Site "masterchessopen.com Dindigul (India)"]
[Date "2007.06.19"]
[Round "12"]
[White "Sethuraman S P (IND)"]
[Black "Ramaswamy Aarthie (IND)"]
[Result "1-0"]
[WhiteElo "2427"]
[BlackElo "2317"]

1.e4 c5 2.Nf3 Nc6 3.Nc3 d6 4.d4 cxd4 5.Nxd4 Nf6 6.Bg5 e6 7.Qd2 Be7 8.O-O-O
Nxd4 9.Qxd4 O-O 10.f4 Qa5 11.e5 dxe5 12.Qxe5 Qb6 13.Na4 Qb4 14.Rd4 Ng4 15.Rxb4
Nxe5 16.Bxe7 {#r} 1-0

[Event "It (cat.4)"]
[Site "masterchessopen.com Condom (France)"]
[Round "8"]
[White "Sanchez Joseph (PHI)"]
[Black "Roser Kevin (FRA)"]
[Result "0-1"]
[WhiteElo "2496"]
[BlackElo "2400"]

1.e4 c5 2.Nf3 Nc6 3.d4 cxd4 4.Nxd4 Nf6 5.Nc3 d6 6.Bg5 e6 7.Qd2 Be7 8.O-O-O
Nxd4 9.Qxd4 O-O 10.f4 Qa5 11.h4 h6 12.Bb5 Rd8 13.Qe3 a6 14.Be2 Bd7 15.e5 dxe5
16.fxe5 hxg5 17.hxg5 Nh7 18.Bd3 g6 19.Kb1 Nxg5 20.Qf4 Bc6 21.Rh4 Kg7 22.Rf1
Rh8 23.Rg4 Raf8 24.Rxg5 Bxg5 25.Qxg5 Qd8 26.Qg3 Qh4 27.Qe3 Rh5 28.Qc5 Qg5
29.Re1 Bxg2 30.b4 Rh1 31.Rxh1 Bxh1 32.Ne4 Bxe4 33.Bxe4 Qf4 34.Bxb7 Rb8 35.Qb6
Qxe5 36.a4 Qd5 {#R} 0-1

[Event "Cup Dvorkovich (juniors) (team)"]
[Site "masterchessopen.com Moscow (Russia)"]
[Round "2"]
[White "Huschenbeth Niclas (GER)"]
[Black "Vovk Andrey (UKR)"]
[Result "0-1"]
[WhiteElo "2318"]
[BlackElo "2478"]

1.e4 c5 2.Nf3 d6 3.d4 cxd4 4.Nxd4 Nf6 5.Nc3 Nc6 6.Bg5 e6 7.Qd2 Be7 8.O-O-O
Nxd4 9.Qxd4 O-O 10.f4 Qa5 11.Bc4 Bd7 12.e5 dxe5 13.fxe5 Bc6 14.Bd2 Nd7 15.Nd5
Qc5 16.Nxe7+ Qxe7 17.Rhe1 Nb6 18.Bd3 Rfd8 19.Qg4 Rxd3 20.cxd3 Nd5 21.Bh6 Qf8
22.Kb1 Kh8 23.Bc1 Rc8 24.Rf1 Bb5 25.Qd4 b6 26.Rf3 Qe7 27.Qf2 Be8 28.h4 Qc7
29.Re1 Nb4 30.h5 Bb5 31.Qd2 Nc6 32.h6 Nxe5 33.Rxe5 Qxe5 34.Rxf7 Qd4 35.Ka1
Bxd3 36.Rxg7 Qg1 37.a4 Qxc1+ 38.Qxc1 Rxc1+ 39.Ka2 Be4 40.Rxa7 Rh1 {#R} 0-1

[Event "It (cat.4)"]
[Site "masterchessopen.com Antwerpen (Belgium)"]
[Date "2007.07.05"]
[Round "6"]
[White "Docx Stefan (BEL)"]
[Black "Miroshnichenko Evgenij (UKR)"]
[Result "1-0"]
[WhiteElo "2318"]
[BlackElo "2651"]

1.e4 c5 2.Nf3 d6 3.d4 cxd4 4.Nxd4 Nf6 5.Nc3 Nc6 6.Bg5 e6 7.Qd2 Be7 8.O-O-O O-O
9.f4 Nxd4 10.Qxd4 Qa5 11.Bc4 Bd7 12.e5 dxe5 13.Qxe5 Qb6 14.Qe2 Bc6 15.f5 Rae8
16.fxe6 fxe6 17.Kb1 Kh8 18.Rhf1 Qc5 19.h4 h6 20.Bc1 Nd5 21.Nxd5 exd5 22.Bd3
Qd6 23.Qg4 Rxf1 24.Rxf1 Rf8 25.Rxf8+ Bxf8 26.Qf5 Kg8 27.g4 Bd7 28.Qh7+ Kf7
29.g5 hxg5 30.Bxg5 Be7 31.Qh5+ Kf8 32.Bg6 Bxg5 33.Qh8+ Ke7 34.Qxg7+ Kd8
35.hxg5 Qe7 36.Qxe7+ Kxe7 37.c3 Ke6 38.Kc2 Ke5 39.Bf7 Bg4 40.Kd3 b6 41.Ke3 Bd1
42.b4 a5 43.bxa5 bxa5 44.g6 Bh5 45.Be8 Bg4 46.a3 {#r} 1-0

[Event "Match (team)"]
[Site "masterchessopen.com Taiyuan (China)"]
[Date "2007.07.06"]
[Round "3"]
[White "Wang Hao (CHN)"]
[Black "Balogh Csaba (HUN)"]
[Result "1-0"]
[WhiteElo "2643"]
[BlackElo "2562"]

{ Wang Hao (CHN) +1 =0 -0 Balogh Csaba (HUN) +3 =5 -5 } 1.e4 c5 2.Nf3 d6 3.d4
cxd4 4.Nxd4 Nf6 5.Nc3 Nc6 6.Bg5 e6 7.Qd2 Be7 8.O-O-O O-O 9.f4 Nxd4 10.Qxd4 Qa5
11.Bc4 { ?/= } ( 11.Kb1 Rd8 12.h4 h6 13.Be2 Qc5 14.Qd3 Kf8 15.Qg3 Nd7 16.e5
dxe5 17.fxe5 hxg5 18.hxg5 { 1-0, Wang Hao 2519 - Wang Zili 2501 , Wuxi 14.
5.2005 Cup Torch Real Estate } ) 11...b5 ( 11...Bd7 12.e5 dxe5 13.fxe5 Bc6
14.Bd2 Nd7 15.Nd5 Qc5 ( 15...Qd8 16.Nxe7+ Qxe7 17.Rhe1 Rfd8 18.Qg4 Nf8 19.Bd3
Rxd3 20.cxd3 Qd7 21.Bb4 Ng6 22.Bd6 f5 23.Qg5 Bd5 24.b3 Qc6+ 25.Kb2 Qb6 26.g3
Qd4+ 27.Kb1 Rc8 28.Qe3 Qxe3 29.Rxe3 f4 30.gxf4 Nxf4 31.Rf1 { ...1/2-1/2,
Svidler Peter 2710 - Anand Viswanathan 2795 , Linares 1998 It (cat.21) } )
16.Nxe7+ Qxe7 17.Rhe1 Nb6 18.Bf1 Rfd8 19.Qf4 Rac8 20.Bb4 Qe8 21.Rxd8 Rxd8
22.c4 Nc8 23.Re3 Ne7 24.Ra3 a6 25.g3 Bh1 26.Rd3 Rc8 27.Rc3 Ng6 28.Qd4 Qc6
29.h4 h6 30.b3 Bg2 31.Be2 { ...1-0, Alekseev Evgeny 2661 - Balogh Csaba 2616 ,
Germany 2. 2.2007 Bundesliga 2006/07 } ) 12.Bxb5 Rb8 13.Bc4 ( 13.e5 dxe5
14.fxe5 Rxb5 15.exf6 Rb4 16.Qd2 gxf6 17.Bh6 Rd8 18.Qe3 f5 19.Rxd8+ Bxd8
20.Qg3+ Rg4 21.Qd6 Bg5+ 22.Bxg5 Rxg5 23.Qe7 Rxg2 24.Qe8+ Kg7 25.Qxc8 Qe5
26.Nd1 Qe4 27.Qc3+ Kg6 28.Rf1 e5 29.Ne3 Rg5 30.Qc5 f4 31.Nd5 Kg7 32.Nxf4 h6 {
...1-0, Gaponenko Inna 2411 - Gvetadze Sopio 2301 , Antalya 2002 Cup European
Club (w) } ) 13...h6 14.Bh4 e5 15.Qd3 ( 15.fxe5 dxe5 16.Qd3 Be6 17.Bxf6 Bxf6
18.Nd5 Bg5+ 19.Kb1 Rfc8 20.Bb3 Qc5 21.h4 Bd8 22.Qe3 Qxe3 23.Nxe3 Rb4 24.Nf5
Bxf5 25.exf5 Rxh4 26.Rhe1 Bf6 27.Rd7 Rd8 28.Bxf7+ Kf8 29.Rxd8+ Bxd8 30.Bd5 Ke7
31.c3 Kf6 32.Be4 Bb6 33.Kc2 Rf4 34.Re2 Rf1 { ...1/2-1/2, Rizouk Aimen 2465 -
Moreno Tejera Emilio 2275 , Linares 2003 It (open) } ) 15...exf4 16.Bb3 Be6
17.Kb1 { -0.11 CAP } ( 17.Nd5 Nxd5 18.exd5 Bf5 19.Qxf5 Bxh4 20.Kb1 Bf6 21.Qxf4
Be5 22.Qf5 Qc5 23.Rhe1 Bxh2 24.Re7 Rbe8 25.Rd7 Re2 26.Rf1 g6 27.Qf3 Re3 28.Qd1
Be5 29.a4 h5 30.Ka2 f5 31.Rf3 Rf7 32.Rd8+ Kg7 33.c3 Rxf3 34.Qxf3 Rb7 35.Qd1
Kf7 36.Qc2 Qc7 { ...1/2-1/2, Stefansson Hannes 2575 - Kacheishvili Giorgi 2583
, Leon 2001 Ch Europe (team) } ) 17...Rfe8 { N } ( 17...Qh5 18.Bf2 Bg4 19.Rde1
a5 20.Bd4 Bd8 21.Qd2 f3 22.gxf3 Bxf3 23.Rhg1 g5 24.Rg3 a4 25.Bxa4 d5 26.Qf4
Nxe4 27.Nxe4 dxe4 28.Qe5 f6 29.Qxb8 Be7 30.Qc7 { 1-0, Andrijevic Milan 2402 -
Jovanovic Sasa T 2286 , Belgrade 26. 1.2004 It (open) } ) 18.Rhf1 Qh5 19.Bf2
a5 20.h3 Qg5 21.Bd4 Nh5 22.Qf3 Rec8 { ?! } ( 22...Qg6 { !? } 23.Nd5 Bxd5
24.Bxd5 Bf6 25.Qg4 Qg5 26.Rf3 Bxd4 27.Rxd4 Nf6 28.Qxg5 hxg5 29.Bc6 { } )
23.Ne2 a4 24.Bxa4 Bc4 25.Bb3 Bxe2 26.Qxe2 Ng3 27.Qf3 Nxf1 28.Rxf1 Bf6 29.Bxf6
Qxf6 30.Qxf4 Qd4 { ?! } ( 30...Qxf4 { !? } 31.Rxf4 Rc7 32.Bd5 Kf8 33.c3 f6
34.Kc2 Rc5 35.a4 Ra5 36.b3 { } ) 31.Qxf7+ Kh8 32.Qd5 Qe3 33.Qd3 Qg5 34.g4 Re8
35.a3 Qe5 36.Ka2 Qxe4 37.Rf8+ { } {#r} 1-0

[Event "Ch Scotland"]
[Site "masterchessopen.com Cumbernauld (Scotland)"]
[Date "2007.07.12"]
[Round "6"]
[White "Marks Ian A (SCO)"]
[Black "Muir Andrew J (SCO)"]
[Result "0-1"]
[WhiteElo "1901"]
[BlackElo "2367"]

1.e4 c5 2.Nf3 Nc6 3.d4 cxd4 4.Nxd4 Nf6 5.Nc3 e6 6.Bg5 d6 7.Qd2 Be7 8.O-O-O O-O
9.f4 Nxd4 10.Qxd4 Qa5 11.Bc4 Bd7 12.e5 dxe5 13.fxe5 Bc6 14.Bd2 Nd7 15.Nd5 Qd8
16.Nxe7+ Qxe7 17.Rhe1 Rfd8 18.Qg4 Nf8 19.Bd3 Rd5 20.Bb4 Qd8 21.h4 Ng6 22.Bxg6
hxg6 23.h5 gxh5 24.Qxh5 f5 25.Rxd5 Qxd5 26.Rh1 Qxg2 27.Rd1 Bf3 {#R} 0-1

[Event "Ch Netherlands (open)"]
[Site "masterchessopen.com Dieren (Netherlands)"]
[Date "2007.07.27"]
[Round "4"]
[White "Burg Twan (NED)"]
[Black "Van Nies Pauline (NED)"]
[Result "1-0"]
[WhiteElo "2275"]
[BlackElo "2170"]

1.e4 c5 2.Nf3 Nc6 3.d4 cxd4 4.Nxd4 Nf6 5.Nc3 d6 6.Bg5 e6 7.Qd3 Be7 8.O-O-O O-O
9.f4 Nxd4 10.Qxd4 Qa5 11.Bc4 Bd7 12.Rd3 Bc6 13.Rg3 e5 14.fxe5 dxe5 15.Qf2 Kh8
16.Bxf6 Bxf6 17.Qf5 Qd8 18.Rd1 Qe7 19.Rgd3 Kg8 20.Bd5 g6 21.Qf2 Rfd8 22.Kb1
Bg5 23.Rf3 Be8 24.Rf1 Rd7 25.Bb3 Qf8 26.Nd5 b5 27.Qg3 Bd8 28.Qxe5 Rc8 29.h4
Bxh4 30.Rh1 Be7 31.c3 Rxd5 32.Bxd5 Bd6 33.Qg5 Be7 34.Qg3 Qg7 35.Rhf1 {#r} 1-0

[Event "It (cat.6)"]
[Site "masterchessopen.com Stara Pazova (Serbia)"]
[Date "2007.07.30"]
[Round "8"]
[White "Berescu Alin (ROM)"]
[Black "Klasan Vladimir (SRB)"]
[Result "1-0"]
[WhiteElo "2508"]
[BlackElo "2276"]

1.e4 c5 2.Nf3 d6 3.d4 cxd4 4.Nxd4 Nf6 5.Nc3 Nc6 6.Bg5 e6 7.Qd2 Be7 8.O-O-O O-O
9.f4 Nxd4 10.Qxd4 Qa5 11.Kb1 Rd8 12.Be2 Bd7 13.Qe3 Be8 14.Qg3 Qc7 15.Bd3 Rac8
16.e5 dxe5 17.fxe5 Nd5 18.Nxd5 Rxd5 19.Bxe7 Qxe7 20.Bxh7+ Kf8 21.Rxd5 exd5
22.h4 Bd7 23.h5 Rc4 24.h6 Rg4 25.hxg7+ Rxg7 26.Qf4 Qg5 27.Qb4+ Ke8 28.Bd3 Qxg2
29.Rf1 Qxf1+ 30.Bxf1 Rg1 31.Qe1 {#r} 1-0

[Event "It (open)"]
[Site "masterchessopen.com Creon (France)"]
[Date "2007.08.05"]
[Round "9"]
[White "Parmentier Xavier (FRA)"]
[Black "Inkiov Ventzislav (BUL)"]
[Result "0-1"]
[WhiteElo "2302"]
[BlackElo "2453"]

1.e4 c5 2.Nf3 d6 3.d4 cxd4 4.Nxd4 Nf6 5.Nc3 Nc6 6.Bg5 e6 7.Qd2 Be7 8.O-O-O O-O
9.f4 Nxd4 10.Qxd4 Qa5 11.Kb1 h6 12.h4 e5 13.Qe3 exf4 14.Bxf4 Be6 15.Be2 Rac8
16.Nd5 Rfe8 17.Qd3 Bxd5 18.exd5 Rc5 19.Bf3 Rec8 20.Rd2 Qb4 21.Be3 Rb5 22.c4
Rxc4 23.a3 Qc3 24.Be2 Ne4 25.Rhd1 Bf6 {#R} 0-1

[Event "It (open)"]
[Site "masterchessopen.com Kavala (Greece)"]
[Date "2007.08.07"]
[Round "4"]
[White "Kotronias Vasilios (GRE)"]
[Black "Dembo Yelena (GRE)"]
[Result "1-0"]
[WhiteElo "2614"]
[BlackElo "2448"]

1.e4 c5 2.Nf3 Nc6 3.d4 cxd4 4.Nxd4 Nf6 5.Nc3 d6 6.Bg5 e6 7.Qd2 Be7 8.O-O-O O-O
9.f4 Nxd4 10.Qxd4 Qa5 11.Bc4 Bd7 12.e5 dxe5 13.fxe5 Bc6 14.Bd2 Nd7 15.Nd5 Qd8
16.Nxe7+ Qxe7 17.Rhe1 Rfd8 18.Qg4 Nf8 19.Bd3 Rd5 20.Be4 Rb5 21.Bxc6 bxc6 22.c4
Rb7 23.Bc3 Ng6 24.g3 a5 25.Rd6 c5 26.h4 h6 27.Qf3 Rab8 28.Red1 Nf8 29.Ra6 Ra7
30.Qc6 Rxa6 31.Qxa6 Qc7 32.Rd6 Ng6 33.Bxa5 Qe7 34.Bc3 Qf8 35.Rd7 Qe8 36.Qd6
Ra8 37.b3 h5 38.Kb2 Kh7 39.a4 Ra6 40.Rd8 {#r} 1-0

[Event "It (open)"]
[Site "masterchessopen.com Kavala (Greece)"]
[Date "2007.08.09"]
[Round "6"]
[White "Kozhuharov Spas (BUL)"]
[Black "Melia Salome (GEO)"]
[Result "1-0"]
[WhiteElo "2463"]
[BlackElo "2365"]

1.e4 c5 2.Nf3 d6 3.d4 cxd4 4.Nxd4 Nf6 5.Nc3 Nc6 6.Bg5 e6 7.Qd2 Be7 8.O-O-O
Nxd4 9.Qxd4 O-O 10.f4 Qa5 11.e5 dxe5 12.Qxe5 Qxe5 13.fxe5 Nd5 14.Bxe7 Nxe7
15.Bd3 b6 16.Be4 Rb8 17.Rhe1 Ng6 18.Bxg6 hxg6 19.Nb5 Bb7 20.g3 a6 21.Nd6 Bd5
22.b3 b5 23.c4 bxc4 24.bxc4 Bc6 25.Rd3 Rfd8 26.Ra3 Ra8 27.Rb3 Rd7 28.Rb6 Rc7
29.Rf1 Bd5 30.Kb2 Bg2 31.Rf2 Bh3 32.Kc3 Bf5 33.Rfb2 Rf8 34.Rb7 Rc5 35.Kd4 Ra5
36.Rd7 g5 37.c5 Ra4+ 38.Kc3 Ra3+ 39.Kb4 Re3 40.c6 Rxe5 41.c7 Rd5 42.Rd8 e5
{#r} 1-0

[Event "It (b)"]
[Site "masterchessopen.com Dubna (Russia)"]
[Date "2007.08.12"]
[Round "17"]
[White "Gubaydulin T (UZB)"]
[Black "Gorbatenko Kateryna (UKR)"]
[Result "1-0"]
[WhiteElo "2211"]
[BlackElo "2091"]

1.e4 c5 2.Nf3 d6 3.d4 cxd4 4.Nxd4 Nf6 5.Nc3 Nc6 6.Bg5 e6 7.Qd2 Be7 8.O-O-O O-O
9.f4 Nxd4 10.Qxd4 Qa5 11.Bc4 Bd7 12.e5 dxe5 13.fxe5 Bc6 14.h4 Bc5 15.Qf4 Nh5
16.Qg4 g6 17.Rh3 b5 18.Bxe6 Qc7 19.Bd5 Ng7 20.Ne4 h5 21.Qe2 Bxd5 22.Rxd5 Be7
23.Bxe7 Qxe7 24.Nf6+ Kh8 25.Qd2 Nf5 26.Rf3 {#r} 1-0

[Event "It (open)"]
[Site "masterchessopen.com Abudhabi (United Arab Emirates)"]
[Date "2007.08.13"]
[Round "2"]
[White "Hossain Enamul (BAN)"]
[Black "Jobava Baadur (GEO)"]
[Result "1-0"]
[WhiteElo "2514"]
[BlackElo "2644"]

1.e4 c5 2.Nf3 d6 3.d4 cxd4 4.Nxd4 Nf6 5.Nc3 Nc6 6.Bg5 e6 7.Qd2 Be7 8.O-O-O O-O
9.f4 Nxd4 10.Qxd4 Qa5 11.e5 dxe5 12.Qxe5 b5 13.Bxb5 Bb7 14.Be2 Qb6 15.Na4 Qc6
16.Bb5 Qc8 17.Rd3 Rb8 18.Nc3 h6 19.Bh4 Bc6 20.Rg3 Kh8 21.Bd3 Rb4 22.a3 Rb6
23.Re1 Qb8 24.Ne4 Bxe4 25.Rxe4 Qb7 26.Rc4 Qb8 27.Rh3 Qd8 28.Rd4 Rd6 29.Bxf6
Bxf6 30.Rxh6+ Kg8 31.Rh8+ {#r} 1-0

[Event "Memorial G.Staunton (cat.13)"]
[Site "masterchessopen.com London (England)"]
[Date "2007.08.16"]
[Round "9"]
[White "Smeets Jan (NED)"]
[Black "Wells Peter K (ENG)"]
[Result "1-0"]
[WhiteElo "2558"]
[BlackElo "2515"]

{ Smeets Jan (NED) +0 =1 -0 Wells Peter K (ENG) +2 =10 -5 } 1.e4 c5 2.Nf3 Nc6
3.d4 cxd4 4.Nxd4 Nf6 5.Nc3 d6 6.Bg5 e6 7.Qd2 Be7 8.O-O-O O-O 9.f4 Nxd4 10.Qxd4
Qa5 11.e5 ( 11.Bc4 Bd7 12.e5 dxe5 13.fxe5 Bc6 14.Bd2 Nd7 15.Nd5 Qd8 16.Nxe7+
Qxe7 17.Rhe1 Rfd8 18.Qg4 Nf8 19.Bd3 Rd5 20.Bb4 Qd8 21.Bd6 Ng6 22.Qg3 Qh4
23.Qxh4 Nxh4 24.g3 Nf3 25.Re2 f5 26.exf6 Rxd6 27.Bxh7+ Kxh7 28.Rxd6 e5 29.Re3
e4 30.Rxc6 bxc6 { ...1/2-1/2, Smeets Jan 2515 - Nijboer Friso 2567 , Groningen
2003 It (cat.10) } ) 11...dxe5 12.Qxe5 { = } 12...b5 { +0.37 CAP } ( 12...Qxe5
13.fxe5 Nd5 14.Bxe7 Nxe7 15.Bd3 b6 16.Be4 Rb8 17.Rhe1 Ng6 18.Bxg6 hxg6 19.Nb5
Bb7 20.g3 a6 21.Nd6 Bd5 22.a4 b5 23.axb5 axb5 24.Rd4 Rb6 25.Rb4 Rfb8 26.h4 f6
27.b3 fxe5 28.Ne4 Rc6 29.Kb2 Rbc8 30.Re2 Kf8 31.Ng5 Rc5 32.Ne4 { ...1/2-1/2,
Short Nigel D 2645 - Kramnik Vladimir 2730 , Riga 1995 Memorial M.Tal (cat.17)
} ) 13.Ne4 { N } ( 13.Rd3 Ng4 14.Qe4 f6 15.Rh3 g6 16.Qxa8 fxg5 17.Bxb5 Nf2
18.Nd5 exd5 19.Qxd5+ Kh8 20.fxg5 Qb4 21.Qe5+ Kg8 22.Rc3 Ng4 23.Qd5+ Kg7 24.Rc4
Qd6 25.Qxd6 Bxd6 26.Ra4 Bc5 27.Rf1 Bf5 28.Rc4 Be3+ 29.Kb1 Bxg5 30.Rc7+ Kh8
31.Bd3 Nxh2 32.Rh1 Bxd3 { ...1-0, Cheparinov Ivan 2640 - Kotrotsos Vasilios
2306 , Malme 23. 4.2007 It (cat.13) } ) ( 13.Bd3 Bb7 14.Qxb5 Qxb5 15.Nxb5 Bxg2
16.Rhg1 Bf3 17.Rdf1 Bh5 18.f5 exf5 19.Nd4 Bg6 20.Nxf5 Bc5 21.Rg3 Nh5 22.Rg4
Rfe8 23.b4 Bf8 24.Kb2 Kh8 25.a4 h6 26.Bd2 Nf6 27.Rd4 Red8 28.Rxd8 Rxd8 29.Kb3
Ng4 30.Bc3 f6 31.h3 Ne5 32.Bxe5 fxe5 { ...1/2-1/2, Sadvakasov Darmen 2615 -
Shengelia Davit 2523 , Baku 11. 5.2007 Cup President } ) 13...Nxe4 14.Bxe7 Bb7
15.Bxf8 Rxf8 16.Bd3 Nf2 17.Qxb5 Qxb5 18.Bxb5 Nxh1 19.Rxh1 Bxg2 20.Rd1 h6 21.c4
Rc8 22.b4 Bf3 23.Rd3 Be2 24.Rd2 Bf1 25.a4 e5 { ? } ( 25...Kf8 26.c5 Bxb5
27.axb5 Ke7 28.h4 g6 29.Rd3 f6 30.Kd2 Rb8 31.Ra3 Rb7 32.Kd3 { } ) 26.c5 Bxb5
27.axb5 exf4 28.Rd7 Re8 29.Rxa7 f3 30.Kd2 Re2+ 31.Kd3 Rb2 32.c6 Rb3+ 33.Kc4
Rb2 34.b6 { } {#r} 1-0

[Event "Ch Spain (team) (1 Div) (North)"]
[Site "masterchessopen.com Sabadell (Spain)"]
[Date "2007.08.16"]
[Round "3"]
[White "Oms Fuentes Lluis (ESP)"]
[Black "Escuder Jordi (ESP)"]
[Result "1-0"]
[WhiteElo "2320"]
[BlackElo "2291"]

1.e4 c5 2.Nf3 d6 3.d4 cxd4 4.Nxd4 Nf6 5.Nc3 Nc6 6.Bg5 e6 7.Qd2 Be7 8.O-O-O
Nxd4 9.Qxd4 O-O 10.f4 Qa5 11.Bc4 Bd7 12.Bb3 Bc6 13.Rhe1 Rad8 14.Kb1 b5 15.Nd5
Nxd5 16.exd5 Bxg5 17.fxg5 e5 18.Qh4 Bd7 19.Rf1 b4 20.Rd3 Qb5 21.Bc4 Qc5 22.b3
Qc8 23.Rdf3 e4 24.Qxe4 Rde8 25.Qh4 Re5 26.Bd3 g6 27.Qxb4 Rxg5 28.Qxd6 Rxg2
29.Qe7 f5 30.d6 Qd8 31.Bc4+ Kh8 32.Rh3 h5 33.Bd5 Rg5 34.Rhf3 Qxe7 35.dxe7 Re8
36.Re1 Kg7 37.Rd3 Kf6 38.Bc4 {#r} 1-0

[Event "Ch Serbia (team)"]
[Site "masterchessopen.com Zlatibor (Serbia)"]
[Date "2007.09.01"]
[Round "11"]
[White "Nestorovic D Nikola (SRB)"]
[Black "Zlatic Mihajlo (SRB)"]
[Result "0-1"]
[WhiteElo "2436"]
[BlackElo "2450"]

1.e4 c5 2.Nf3 Nc6 3.d4 cxd4 4.Nxd4 Nf6 5.Nc3 d6 6.Bg5 e6 7.f4 Be7 8.Qd2 Nxd4
9.Qxd4 O-O 10.O-O-O Qa5 11.Bc4 Bd7 12.e5 dxe5 13.Qxe5 Qb6 14.Qe2 Bc6 15.f5 Qc5
16.Bxf6 Bxf6 17.fxe6 fxe6 18.Ne4 Bxe4 19.Qxe4 Kh8 20.h4 Qb4 21.c3 Bxc3 22.bxc3
Qxc3+ 23.Qc2 Qa1+ 24.Kd2 Rad8+ {#R} 0-1

[Event "Ch Poland (team) (extraliga)"]
[Site "masterchessopen.com Ustron (Poland)"]
[Date "2007.09.02"]
[Round "2"]
[White "Kadziolka Beata (POL)"]
[Black "Gorecka Joanna (POL)"]
[Result "1-0"]
[WhiteElo "2295"]
[BlackElo "2120"]

1.e4 c5 2.Nf3 d6 3.d4 cxd4 4.Nxd4 Nf6 5.Nc3 Nc6 6.Bg5 e6 7.Qd2 Be7 8.O-O-O O-O
9.f4 Nxd4 10.Qxd4 Qa5 11.Bc4 Bd7 12.e5 dxe5 13.fxe5 Bc6 14.Bd2 Nd7 15.Nd5 Qc5
16.Nxe7+ Qxe7 17.Be3 Nb6 18.Bd3 Nd5 19.Bd2 Rfd8 20.h4 Nb6 21.Qg4 Rxd3 22.cxd3
Ba4 23.Rdf1 Qc5+ 24.Bc3 Qe3+ 25.Kb1 Qxd3+ 26.Ka1 Rd8 27.h5 h6 28.Qf3 Qd7 29.b3
Bc6 30.Qf2 Nd5 31.Rd1 Qc7 32.Bb2 a5 33.Rhf1 Qe7 34.Rd4 Ra8 35.Rg4 Rc8 36.Ba3
Nb4 37.Bxb4 axb4 38.Qf6 Qxf6 39.exf6 Bb5 40.Rxg7+ Kf8 41.Rf4 Rc5 42.g4 {#r}
1-0